Top Goalscorers In Europe's Top Leagues By Nationality Season 2024/25 - Statistics

General Stats
  • This quiz has been taken 68 times
  • The average score is 26 of 48
Answer Stats
Goals Nationality Club Answer % Correct
22 Norway Manchester City Erling Haaland
100%
26 England Bayern Munich Harry Kane
100%
31 France Real Madrid Kylian Mbappé
100%
29 Egypt Liverpool Mohamed Salah
100%
27 Poland Barcelona Robert Lewandowski
100%
39 Sweden Sporting Lisbon Viktor Gyökeres
92%
18 Brazil Barcelona Raphinha
87%
13 Colombia Liverpool Luis Diaz
85%
16 Canada Lille Jonathan David
83%
17 Argentina Atlético Madrid Julián Alvarez
83%
21 Czech Republic Bayer Leverkusen Patrik Schick
82%
15 Nigeria Atalanta Ademola Lookman
78%
20 New Zealand Nottingham Forest Chris Wood
78%
14 Belgium SSC Napoli Romelu Lukaku
78%
12 Scotland SSC Napoli Scott McTominay
78%
21 Guinea Borussia Dortmund Serhou Guirassy
78%
13 Slovenia RB Leipzig Benjamin Sesko
73%
20 Cameroon Brentford Bryan Mbeumo
72%
12 Mexico Fulham FC Raúl Jiménez
72%
10 Serbia Juventus Dušan Vlahović
68%
12 Ukraine AS Roma Artem Dovbyk
63%
10 Senegal Chelsea Nicolas Jackson
63%
19 DR Congo Brentford Yoane Wissa
63%
25 Italy Atalanta Mateo Retegui
58%
11 Wales Tottenham Hotspur Brennan Johnson
57%
12 Mexico Feyenoord / AC Milan Santiago Giménez
53%
21 Croatia CA Osasuna Ante Budimir
50%
19 Greece SL Benfica Vangelis Pavlidis
42%
11 Ghana AFC Bournemouth Antoine Semenyo
38%
11 Georgia Olympique Lyon Georges Mikautadze
38%
11 Uruguay Girona Cristhian Stuani
37%
12 United States PSV Eindhoven Malik Tillman
32%
19 Spain Villarreal Ayoze Perez
30%
14 Ireland AZ Alkmaar Troy Parrot
30%
15 Bosnia and Herzegovina Vfb Stuttgart Ermedin Demirovic
28%
11 Turkey SL Benfica Kerem Aktürkoğlu
28%
13 Denmark AS Monaco Mika Biereth
27%
18 Germany Mainz 05 Jonathan Burkardt
23%
19 Spain FC Porto Samu Aghehowa
23%
11 Morocco PSV Eindhoven Ismael Saibari
17%
10 Algeria Vfl Wolfsburg Mohamed Amoura
17%
11 Portugal Sporting Braga Ricardo Horta
15%
24 Netherlands Twente Enschede Sem Steijn
15%
11 Japan Stade de Reims Keito Nakamura
12%
11 Montenegro Lecce Nikola Krstović
12%
13 Suriname PEC Zwolle Dylan Vente
7%
11 Venezuela Estoril Alejandro Marqués
5%
10 Cote d'Ivoire AJ Auxerre Hamed Traorè
5%
No matching quizzes found
Score Distribution
Percent of People with Each Score
Percentile by Number Answered
Your Score History
You have not taken this quiz